Online katalóg knižníc regiónu Turca

Púšťou (Record no. 22522)

MARC details
000 -LEADER
fixed length control field 00986nam a2200325 a 4500
001 - CONTROL NUMBER
control field 22522
003 - CONTROL NUMBER IDENTIFIER
control field SK-KTurca
005 - DATE AND TIME OF LATEST TRANSACTION
control field 20260331145132.0
008 - FIXED-LENGTH DATA ELEMENTS--GENERAL INFORMATION
fixed length control field 250414s1992 xo 0 slo
015 ## - NATIONAL BIBLIOGRAPHY NUMBER
National bibliography number SNBA1992/07
020 ## - INTERNATIONAL STANDARD BOOK NUMBER
International Standard Book Number 8022003697
035 ## - SYSTEM CONTROL NUMBER
System control number SNK000011310
040 ## - CATALOGING SOURCE
Original cataloging agency SNK
Language of cataloging slo
Transcribing agency SNK
Description conventions AACR2
041 0# - LANGUAGE CODE
Language code of text/sound track or separate title xo
044 ## - COUNTRY OF PUBLISHING/PRODUCING ENTITY CODE
MARC country code xo
ISO country code SK
080 ## - UNIVERSAL DECIMAL CLASSIFICATION NUMBER
Universal Decimal Classification number 830-3
Edition identifier 1981
100 1# - MAIN ENTRY--PERSONAL NAME
Personal name May, Karl,
Dates associated with a name 1842-1912
Relationship aut
245 10 - TITLE STATEMENT
Title Púšťou
Statement of responsibility, etc. Karl May ; Tessa Žabkayová, Peter Glocko, Igor Benca, Ladislav Ševella
250 ## - EDITION STATEMENT
Edition statement 2. upr. vyd.
260 ## - PUBLICATION, DISTRIBUTION, ETC.
Place of publication, distribution, etc. Bratislava
Name of publisher, distributor, etc. Slovenský spisovateľ
Date of publication, distribution, etc. 1992
Place of manufacture Banská Bystrica
Manufacturer Tlačiarne BB
300 ## - PHYSICAL DESCRIPTION
Extent 167 s.
Dimensions 21 cm
500 ## - GENERAL NOTE
General note Ilustr. na front.
700 1# - ADDED ENTRY--PERSONAL NAME
Personal name Žabkayová, Tessa
Relationship trl
700 1# - ADDED ENTRY--PERSONAL NAME
Personal name Glocko, Peter,
Dates associated with a name 1946-2019
Relationship trl
700 1# - ADDED ENTRY--PERSONAL NAME
Personal name Benca, Igor,
Dates associated with a name 1958-
Relationship bkd
700 1# - ADDED ENTRY--PERSONAL NAME
Personal name Ševella, Ladislav
Relationship bkd
942 ## - ADDED ENTRY ELEMENTS (KOHA)
Source of classification or shelving scheme Dewey Decimal Classification
Koha item type Krásna literatúra pre dospelých
Suppress in OPAC No
Holdings
Stav vyradenia Strata Poškodenie Spôsob nadobudnutia Domovská knižnica Aktuálna knižnica Dátum nadobudnutia Total checkouts Čiarový kód exemplára Date last seen Typ exemplára
      Dar Obecná knižnica Horná Štubňa Obecná knižnica Horná Štubňa 31.03.2026   4736202090 31.03.2026 Krásna literatúra pre dospelých
Projekt je podporený Slovenskou asociáciou knižníc
Prevádzkuje Turčianska knižnica Martin 2026